[Event "Landesklasse Ost 2025/26"]
[Site "?"]
[Date "2026.02.01"]
[Round "6.6"]
[White "Wille, Carsten"]
[Black "Brauer, Celiene"]
[Result "1-0"]
[WhiteElo "1618"]
[BlackElo "1544"]
[WhiteFideId "-1"]
[BlackFideId "-1"]
[PlyCount "87"]
[GameId "557287144374"]
[EventDate "2025.09.14"]
[EventType "team-tourn"]
[EventRounds "9"]
[SourceTitle "Thueringer Schachbund"]
[Source "ThSB"]
[SourceDate "2025.09.14"]
[SourceVersion "1"]
[SourceVersionDate "2025.09.14"]
[SourceQuality "1"]
[WhiteTeam "ESV Gera"]
[BlackTeam "SC Turm Erfurt"]

{[%evp 0,87,41,11,84,52,45,20,46,-1,23,5,34,34,35,27,46,44,58,18,31,-12,9,-6,51,49,63,11,32,36,49,33,35,29,38,57,61,67,71,71,79,34,130,-88,141,141,141,150,150,150,168,138,138,133,235,235,312,286,317,188,335,186,204,185,184,196,196,188,188,189,213,201,218,215,221,221,236,212,228,242,240,194,200,226,259,203,214,190,250,139]} 1. Nf3 c5 2. c4 d6 3. g3 g6 4. Bg2 Bg7 5. O-O Nf6 6. Nc3 O-O 7. d4 cxd4 8. Nxd4 Qd7 9. e3 Nc6 10. Qe2 a6 11. Rd1 Nxd4 12. exd4 Qc7 13. b3 Bd7 14. Bb2 Rfe8 15. Re1 Rac8 16. d5 e6 17. dxe6 Rxe6 18. Qd2 Rce8 19. Rxe6 Rxe6 20. Nd5 Qc5 21. Bd4 Qa3 22. Nxf6+ Bxf6 23. Bxf6 Rxf6 24. Bxb7 Qc5 25. Bg2 h5 26. Re1 g5 27. Bd5 Kh7 28. Re7 Be6 29. Bxe6 Rxe6 30. Rxe6 fxe6 31. Qe2 Qf5 32. Qxh5+ Kg7 33. Qd1 Qc5 34. Kg2 e5 35. Qg4 Kf6 36. h4 Qc6+ 37. f3 gxh4 38. Qxh4+ Ke6 39. Qh6+ Kd7 40. Qd2 e4 41. Qe3 d5 42. fxe4 dxe4 43. Qd4+ Kc8 44. Qd5 1-0

[Event "Landesklasse Ost 2025/26"]
[Site "?"]
[Date "2026.02.01"]
[Round "6.7"]
[White "Pinkau, Eric"]
[Black "Meusel, Theo"]
[Result "1/2-1/2"]
[WhiteElo "1578"]
[BlackElo "1554"]
[WhiteFideId "-1"]
[BlackFideId "-1"]
[PlyCount "56"]
[GameId "557287144388"]
[EventDate "2025.09.14"]
[EventType "team-tourn"]
[EventRounds "9"]
[SourceTitle "Thueringer Schachbund"]
[Source "ThSB"]
[SourceDate "2025.09.14"]
[SourceVersion "1"]
[SourceVersionDate "2025.09.14"]
[SourceQuality "1"]
[WhiteTeam "SC Turm Erfurt"]
[BlackTeam "ESV Gera"]

{[%evp 0,56,41,30,41,-36,27,8,32,46,40,27,27,15,41,-10,32,11,19,10,18,18,47,21,63,17,29,27,30,15,21,20,10,27,8,-25,17,-23,80,80,80,80,84,-36,140,169,169,169,195,153,145,138,182,99,102,117,188,188,180]} 1. Nf3 d5 2. c4 c6 3. e3 Nf6 4. Nc3 g6 5. b3 Bg7 6. Bb2 O-O 7. Be2 Bf5 8. O-O Nbd7 9. d4 Qc7 10. Rc1 Qd8 11. b4 Re8 12. Qb3 Nb6 13. Ne5 dxc4 14. Nxc4 Be6 15. a4 Rb8 16. Rfd1 Qc7 17. e4 Qf4 18. f3 Nxa4 19. Nxa4 b5 20. Nc5 bxc4 21. Qa3 Red8 22. Nxe6 fxe6 23. Bxc4 Kf8 24. Ba6 Rb6 25. Bc4 Rdb8 26. Qxa7 Rxb4 27. Ba3 Qe3+ 28. Kh1 R4b7 1/2-1/2

[Event "Landesklasse Ost 2025/26"]
[Site "?"]
[Date "2026.02.01"]
[Round "6.8"]
[White "Jeziak, Lucas"]
[Black "Grüner, Nico"]
[Result "1-0"]
[WhiteElo "1442"]
[BlackElo "1627"]
[WhiteFideId "-1"]
[BlackFideId "-1"]
[PlyCount "71"]
[GameId "557287144389"]
[EventDate "2025.09.14"]
[EventType "team-tourn"]
[EventRounds "9"]
[SourceTitle "Thueringer Schachbund"]
[Source "ThSB"]
[SourceDate "2025.09.14"]
[SourceVersion "1"]
[SourceVersionDate "2025.09.14"]
[SourceQuality "1"]
[WhiteTeam "ESV Gera"]
[BlackTeam "SC Turm Erfurt"]

{[%evp 0,71,41,18,79,65,70,41,41,31,104,57,75,47,47,27,58,-13,-13,-11,-11,-27,-18,-18,22,26,62,28,36,15,66,-8,38,24,24,-25,-25,-44,-3,-122,-54,-68,-59,-121,-24,-111,36,13,13,-28,-28,-35,303,303,492,475,475,518,518,518,678,678,678,685,685,685,685,685,685,716,714,738,1195,1361]} 1. e4 c5 2. Nf3 Nc6 3. d4 cxd4 4. Nxd4 g6 5. Nxc6 bxc6 6. Qd4 Nf6 7. e5 Nh5 8. e6 Bg7 9. exf7+ Kxf7 10. Qc4+ e6 11. Be2 Nf6 12. Nc3 Rf8 13. Bg5 Kg8 14. O-O Qc7 15. Rab1 a5 16. Qh4 d5 17. Rfe1 e5 18. Bh6 e4 19. f3 exf3 20. Bxf3 Bf5 21. Re2 Rab8 22. Kh1 Qb6 23. Bxg7 Kxg7 24. g4 Qb4 25. h3 Ne4 26. gxf5 Nxc3 27. Re7+ Rf7 28. Rxf7+ Kxf7 29. Qxh7+ Kf8 30. fxg6 Rb7 31. Qh8+ Ke7 32. Re1+ Ne4 33. c3 Qxb2 34. Bxe4 Qf2 35. Qe5+ Kd8 36. Bf5 1-0

[Event "Landesklasse Ost 2025/26"]
[Site "?"]
[Date "2026.02.01"]
[Round "6.1"]
[White "Buring, Matthias"]
[Black "Schulz, Phillip"]
[Result "1/2-1/2"]
[WhiteElo "1815"]
[BlackElo "1783"]
[WhiteFideId "-1"]
[BlackFideId "-1"]
[PlyCount "47"]
[GameId "557287189341"]
[EventDate "2025.09.14"]
[EventType "team-tourn"]
[EventRounds "9"]
[SourceTitle "Thueringer Schachbund"]
[Source "ThSB"]
[SourceDate "2025.09.14"]
[SourceVersion "1"]
[SourceVersionDate "2025.09.14"]
[SourceQuality "1"]
[WhiteTeam "SG Arnstadt-Stadtilm"]
[BlackTeam "TV 1887 Germania Hermsdorf"]

{[%evp 0,47,26,29,29,-32,1,-67,-38,-57,38,-27,5,0,0,0,29,3,23,5,31,-54,6,-18,-2,-6,-18,-5,5,-3,-30,-42,1,-51,19,-2,-13,-26,-26,-28,-24,-41,-24,-58,-32,7,15,-4,-20,-16]} 1. d4 d5 2. c4 e6 3. a3 Nf6 4. Nc3 c5 5. Bf4 Bd6 6. Bxd6 Qxd6 7. Nf3 O-O 8. e3 cxd4 9. exd4 b6 10. Nb5 Qe7 11. Rc1 a6 12. Nc3 Bb7 13. cxd5 Nxd5 14. Nxd5 Bxd5 15. Bc4 Qd6 16. Qb3 Bb7 17. O-O Nd7 18. Be2 Rac8 19. Qe3 Nf6 20. Ne5 h6 21. Nc4 Qd8 22. Qe5 Ne8 23. Nd2 Nf6 24. Bf3 1/2-1/2

[Event "Landesklasse Ost 2025/26"]
[Site "?"]
[Date "2026.02.01"]
[Round "6.2"]
[White "Wentzel, Florian"]
[Black "Kaiser, Markus"]
[Result "1-0"]
[WhiteElo "2053"]
[BlackElo "1961"]
[WhiteFideId "-1"]
[BlackFideId "-1"]
[PlyCount "97"]
[GameId "2273113088561663"]
[EventDate "2025.09.14"]
[EventType "team-tourn"]
[EventRounds "9"]
[SourceTitle "Thueringer Schachbund"]
[Source "ThSB"]
[SourceDate "2025.09.14"]
[SourceVersion "1"]
[SourceVersionDate "2025.09.14"]
[SourceQuality "1"]
[WhiteTeam "TV 1887 Germania Hermsdorf"]
[BlackTeam "SG Arnstadt-Stadtilm"]

{[%evp 0,97,29,18,72,68,52,50,96,79,96,93,111,42,65,4,17,-23,-21,-21,-16,-27,-2,-12,-14,13,2,-5,23,9,27,29,42,28,37,15,35,41,57,49,51,37,50,-22,-30,-31,-18,-5,36,19,45,45,45,45,45,76,76,75,68,66,100,73,75,75,67,113,82,101,102,44,92,73,88,17,79,79,94,105,120,106,153,162,168,144,164,144,160,154,150,185,212,213,290,201,223,184,210,210,423,1249]} 1. e4 c6 2. Nf3 d5 3. Nc3 Bg4 4. h3 Bxf3 5. Qxf3 e6 6. g3 Nf6 7. Bg2 Nbd7 8. Qe2 dxe4 9. Nxe4 Nxe4 10. Qxe4 Nf6 11. Qc4 Be7 12. O-O O-O 13. a4 a5 14. d4 Qd7 15. c3 Nd5 16. Qb3 Rfd8 17. Rd1 Qc7 18. Bd2 Rd7 19. Rac1 Rad8 20. c4 Nb4 21. Bxb4 Bxb4 22. d5 exd5 23. cxd5 Qb6 24. dxc6 Rxd1+ 25. Rxd1 Rxd1+ 26. Qxd1 bxc6 27. Qd7 Bf8 28. Bxc6 Qxb2 29. Bd5 Qf6 30. Qa7 h5 31. Qxa5 h4 32. g4 Bd6 33. Qa8+ Kh7 34. Be4+ g6 35. Qd5 Qf4 36. Qd3 Qc1+ 37. Kg2 Qf4 38. a5 Bc5 39. Bf3 Qc7 40. a6 Qa7 41. Bb7 Kg7 42. Qf3 Be7 43. Bd5 Bf6 44. g5 Bd4 45. Qf4 f6 46. Qxh4 fxg5 47. Qe4 Qb6 48. Qe7+ Kh8 49. a7 1-0

[Event "Landesklasse Ost 2025/26"]
[Site "?"]
[Date "2026.02.01"]
[Round "6.3"]
[White "Sauer, Marko"]
[Black "Moje, Hans-Jürgen"]
[Result "1-0"]
[WhiteElo "1985"]
[BlackElo "1800"]
[WhiteFideId "-1"]
[BlackFideId "-1"]
[PlyCount "137"]
[GameId "2273114259567578"]
[EventDate "2025.09.14"]
[EventType "team-tourn"]
[EventRounds "9"]
[SourceTitle "Thueringer Schachbund"]
[Source "ThSB"]
[SourceDate "2025.09.14"]
[SourceVersion "1"]
[SourceVersionDate "2025.09.14"]
[SourceQuality "1"]
[WhiteTeam "SG Arnstadt-Stadtilm"]
[BlackTeam "TV 1887 Germania Hermsdorf"]

{[%evp 0,137,29,18,48,18,42,15,26,5,5,-70,36,48,66,61,112,99,99,27,27,27,27,12,23,-16,-10,-26,9,12,41,12,13,21,54,5,5,-7,7,-39,26,18,21,14,9,7,42,33,33,43,32,24,35,9,13,-8,66,78,58,55,75,79,75,-43,94,45,45,67,89,89,124,135,185,153,147,144,144,144,144,144,167,167,151,121,153,114,147,144,159,159,245,196,261,180,235,233,233,210,222,210,251,233,250,269,261,255,281,268,306,274,323,335,314,285,340,339,371,319,319,302,319,316,270,305,355,355,335,398,398,125,125,150,201,201,321,331,497,497,497,507]} 1. e4 e5 2. Nf3 Nc6 3. Bc4 Bc5 4. O-O Nf6 5. c3 d6 6. d4 Bb6 7. dxe5 Nxe5 8. Nxe5 dxe5 9. Qxd8+ Kxd8 10. Bg5 Ke7 11. Nd2 Be6 12. Be2 h6 13. Bh4 g5 14. Bg3 Nd7 15. Nc4 f6 16. a4 a6 17. Nxb6 Nxb6 18. a5 Nc4 19. f3 Ne3 20. Rfc1 Bc4 21. Bf2 Bxe2 22. Bxe3 Bb5 23. c4 Bc6 24. b4 Rhd8 25. Rab1 Be8 26. h4 Ke6 27. Kf2 c6 28. hxg5 hxg5 29. Rh1 Bf7 30. Rh6 Ke7 31. b5 Rab8 32. Ba7 Rd2+ 33. Kg3 Ra8 34. bxc6 bxc6 35. Bc5+ Ke6 36. Rb7 Rd7 37. Rxf6+ Kxf6 38. Rxd7 Bxc4 39. Rd6+ Kf7 40. Rxc6 Bb5 41. Rc7+ Kf6 42. Be7+ Kg6 43. Rc5 Re8 44. Rc7 Bf1 45. Rc6+ Kh5 46. Kf2 Bxg2 47. Kxg2 Rxe7 48. Rxa6 g4 49. Rf6 gxf3+ 50. Kxf3 Kg5 51. Rf5+ Kg6 52. Ke3 Re6 53. Kd3 Rd6+ 54. Kc3 Kg7 55. Rxe5 Kf6 56. Rb5 Rc6+ 57. Kd4 Rc1 58. Rb6+ Ke7 59. a6 Ra1 60. Rh6 Ra4+ 61. Ke5 Ra5+ 62. Kf4 Kf7 63. e5 Ra1 64. Rh7+ Kg6 65. Ra7 Ra4+ 66. Ke3 Kf5 67. Ra8 Kxe5 68. a7 Ra3+ 69. Kd2 1-0

[Event "Landesklasse Ost 2025/26"]
[Site "?"]
[Date "2026.02.01"]
[Round "6.4"]
[White "Hadlich, Gerald"]
[Black "Heß, Jürgen"]
[Result "1/2-1/2"]
[WhiteElo "1766"]
[BlackElo "1824"]
[WhiteFideId "-1"]
[BlackFideId "-1"]
[PlyCount "66"]
[GameId "2273117045569475"]
[EventDate "2025.09.14"]
[EventType "team-tourn"]
[EventRounds "9"]
[SourceTitle "Thueringer Schachbund"]
[Source "ThSB"]
[SourceDate "2025.09.14"]
[SourceVersion "1"]
[SourceVersionDate "2025.09.14"]
[SourceQuality "1"]
[WhiteTeam "TV 1887 Germania Hermsdorf"]
[BlackTeam "SG Arnstadt-Stadtilm"]

{[%evp 0,66,29,18,42,18,42,20,-17,-17,-9,-34,19,-1,53,-2,43,4,42,-15,17,10,48,52,25,16,12,-1,15,6,99,12,22,50,50,17,72,61,83,56,72,58,57,50,44,43,52,50,57,54,43,52,54,34,37,21,21,6,0,9,9,22,22,23,0,0,0,0,0]} 1. e4 e5 2. Nf3 Nc6 3. Bb5 a6 4. Bxc6 dxc6 5. O-O Qf6 6. d4 exd4 7. Qxd4 Qxd4 8. Nxd4 Bd7 9. Nb3 O-O-O 10. Be3 b6 11. Nc3 Nf6 12. f3 Bd6 13. g3 h5 14. Rfd1 a5 15. a4 Be5 16. Bd4 Bxd4+ 17. Nxd4 Nh7 18. Kf2 Ng5 19. h4 Nh7 20. Rd2 c5 21. Nde2 Bc6 22. Rad1 Rxd2 23. Rxd2 Nf6 24. Nf4 g6 25. b3 Rd8 26. Rxd8+ Kxd8 27. Ke3 Ke7 28. Nfd5+ Bxd5 29. Nxd5+ Nxd5+ 30. exd5 Kd6 31. c4 Ke5 32. g4 f5 33. f4+ Kd6 1/2-1/2

[Event "Landesklasse Ost 2025/26"]
[Site "?"]
[Date "2026.02.01"]
[Round "6.5"]
[White "Grkinic, Goran"]
[Black "Pietsch, Karsten"]
[Result "1/2-1/2"]
[WhiteElo "1889"]
[BlackElo "1706"]
[WhiteFideId "-1"]
[BlackFideId "-1"]
[PlyCount "46"]
[GameId "2273118329514424"]
[EventDate "2025.09.14"]
[EventType "team-tourn"]
[EventRounds "9"]
[SourceTitle "Thueringer Schachbund"]
[Source "ThSB"]
[SourceDate "2025.09.14"]
[SourceVersion "1"]
[SourceVersionDate "2025.09.14"]
[SourceQuality "1"]
[WhiteTeam "SG Arnstadt-Stadtilm"]
[BlackTeam "TV 1887 Germania Hermsdorf"]

{[%evp 0,46,69,-32,14,-17,1,-43,-36,-28,-32,-37,-25,-20,-17,-50,-53,-63,-25,-36,-37,-58,-38,2,-8,-4,45,51,58,53,53,51,51,57,87,94,100,43,26,26,26,58,60,-150,-156,-156,-144,-181,-164]} 1. c4 e5 2. Nc3 Nf6 3. d3 Nc6 4. Nf3 Bb4 5. Bd2 d5 6. cxd5 Nxd5 7. a3 Nxc3 8. bxc3 Bd6 9. g3 Qe7 10. Qb3 Rb8 11. Bg2 h6 12. Nh4 Nd8 13. Qa4+ c6 14. Qxa7 O-O 15. Be3 g5 16. Nf3 f5 17. Bc5 Ne6 18. Qxb8 Nxc5 19. Qa7 e4 20. dxe4 fxe4 21. O-O exf3 22. exf3 Re8 23. h3 Nb3 1/2-1/2

[Event "Landesklasse Ost 2025/26"]
[Site "?"]
[Date "2026.02.01"]
[Round "6.6"]
[White "Kretschmann, Ralph"]
[Black "Marufke, Kai"]
[Result "0-1"]
[WhiteElo "1402"]
[BlackElo "1654"]
[WhiteFideId "-1"]
[BlackFideId "-1"]
[PlyCount "48"]
[GameId "2273119742970889"]
[EventDate "2025.09.14"]
[EventType "team-tourn"]
[EventRounds "9"]
[SourceTitle "Thueringer Schachbund"]
[Source "ThSB"]
[SourceDate "2025.09.14"]
[SourceVersion "1"]
[SourceVersionDate "2025.09.14"]
[SourceQuality "1"]
[WhiteTeam "TV 1887 Germania Hermsdorf"]
[BlackTeam "SG Arnstadt-Stadtilm"]

{[%evp 0,48,29,18,18,18,50,-9,8,-17,-38,-95,-6,-58,-3,-98,-39,-48,-19,-26,-19,-33,-33,-7,18,-75,-52,-74,-59,-183,-211,-211,-102,-165,-97,-131,-127,-88,-5,-60,-32,-113,-76,-107,-107,-312,-341,-838,-816,-29997,-29998]} 1. e4 e5 2. Nf3 Nc6 3. Bb5 a6 4. Ba4 Nf6 5. O-O d6 6. Re1 Bg4 7. c3 Be7 8. d4 exd4 9. cxd4 O-O 10. h3 Bxf3 11. gxf3 Nh5 12. Kh2 Bg5 13. Bxc6 bxc6 14. Rg1 Bxc1 15. Qxc1 Qh4 16. Qe3 Nf4 17. Rg3 f5 18. Nd2 Rae8 19. Rag1 Kh8 20. Qe1 Rf6 21. Qf1 Rh6 22. exf5 Re1 23. Qg2 Rxg1 24. Qxg1 Qxh3+ 0-1

[Event "Landesklasse Ost 2025/26"]
[Site "?"]
[Date "2026.02.01"]
[Round "6.1"]
[White "Kölpin, Arvid"]
[Black "Röder, Bastian"]
[Result "0-1"]
[WhiteElo "1986"]
[BlackElo "1864"]
[WhiteFideId "-1"]
[BlackFideId "-1"]
[PlyCount "42"]
[GameId "557550382461"]
[EventDate "2025.09.14"]
[EventType "team-tourn"]
[EventRounds "9"]
[SourceTitle "Thueringer Schachbund"]
[Source "ThSB"]
[SourceDate "2025.09.14"]
[SourceVersion "1"]
[SourceVersionDate "2025.09.14"]
[SourceQuality "1"]
[WhiteTeam "SSV Vimaria 91 Weimar 2"]
[BlackTeam "SC Rochade Zeulenroda"]

1. d4 d6 2. Nf3 Nf6 3. Nc3 Nbd7 4. Bf4 Nh5 5. Bg5 h6 6. Bh4 g5 7. Bg3 Nxg3 8. hxg3 Bg7 9. e4 c5 10. dxc5 Nxc5 11. Bb5+ Bd7 12. Bxd7+ Qxd7 13. Nd4 e6 14. Qd2 a6 15. O-O-O Rc8 16. f4 Na4 17. fxg5 Nxc3 18. bxc3 Qa4 19. Qe3 h5 20. g6 Bh6 21. gxf7+ Ke7 0-1

[Event "Landesklasse Ost 2025/26"]
[Site "?"]
[Date "2026.02.01"]
[Round "6.2"]
[White "Urinov, Bekzod"]
[Black "Günther, Arthur"]
[Result "1/2-1/2"]
[WhiteElo "1979"]
[BlackElo "1871"]
[WhiteFideId "-1"]
[BlackFideId "-1"]
[PlyCount "61"]
[GameId "557551435717"]
[EventDate "2025.09.14"]
[EventType "team-tourn"]
[EventRounds "9"]
[SourceTitle "Thueringer Schachbund"]
[Source "ThSB"]
[SourceDate "2025.09.14"]
[SourceVersion "1"]
[SourceVersionDate "2025.09.14"]
[SourceQuality "1"]
[WhiteTeam "SC Rochade Zeulenroda"]
[BlackTeam "SSV Vimaria 91 Weimar 2"]

1. e4 d5 2. exd5 Qxd5 3. Nc3 Qa5 4. d4 Nf6 5. Nf3 Nc6 6. Bb5 Ne4 7. Bd2 Nxd2 8. Qxd2 Bd7 9. O-O f6 10. a3 O-O-O 11. b4 Qb6 12. Bc4 Nb8 13. Nd5 Qd6 14. Ne3 g5 15. d5 f5 16. Bb3 g4 17. Nd4 Qf6 18. f4 gxf3 19. Rxf3 f4 20. Qd3 e5 21. dxe6 Bc6 22. Qf5 Qxf5 23. Nexf5 Bxf3 24. e7 Bxe7 25. Be6+ Rd7 26. Nxe7+ Kd8 27. Bxd7 Kxe7 28. Bf5 Bc6 29. Re1+ Kf6 30. h4 Bd5 31. Bg4 1/2-1/2

[Event "Landesklasse Ost 2025/26"]
[Site "?"]
[Date "2026.02.01"]
[Round "6.3"]
[White "Gulich, Christian"]
[Black "Prütting, Marcus"]
[Result "1-0"]
[WhiteElo "1905"]
[BlackElo "1908"]
[WhiteFideId "-1"]
[BlackFideId "-1"]
[PlyCount "111"]
[GameId "557824215894"]
[EventDate "2025.09.14"]
[EventType "team-tourn"]
[EventRounds "9"]
[SourceTitle "Thueringer Schachbund"]
[Source "ThSB"]
[SourceDate "2025.09.14"]
[SourceVersion "1"]
[SourceVersionDate "2025.09.14"]
[SourceQuality "1"]
[WhiteTeam "SSV Vimaria 91 Weimar 2"]
[BlackTeam "SC Rochade Zeulenroda"]

1. e4 c6 2. d4 d5 3. Nc3 dxe4 4. Nxe4 Nf6 5. Nxf6+ exf6 6. c3 Bd6 7. Bd3 O-O 8. Qc2 Re8+ 9. Ne2 h5 10. O-O h4 11. h3 Nd7 12. Be3 Nf8 13. Rad1 Be6 14. Bf4 Bxf4 15. Nxf4 Qd6 16. Nxe6 Nxe6 17. Rfe1 Nf4 18. Be4 Re7 19. Bf3 Rae8 20. Qd2 f5 21. Rxe7 Rxe7 22. Kf1 Kf8 23. Re1 Rxe1+ 24. Qxe1 Qe7 25. Qd2 Qd6 26. Qe3 g6 27. Ke1 Kg7 28. b4 Nd5 29. Qd3 Qf4 30. Kd1 a6 31. Qd2 Qxd2+ 32. Kxd2 Kf6 33. a3 b5 34. g3 Kg5 35. Kd3 f4 36. g4 f5 37. gxf5 Kxf5 38. c4 Ne7 39. cxb5 axb5 40. Bg4+ Kf6 41. Bd7 g5 42. f3 Kg6 43. d5 Nxd5 44. Bxc6 Nc7 45. a4 bxa4 46. Bxa4 Kf6 47. Kd4 Na6 48. b5 Nb8 49. Bb3 Nd7 50. Bd5 Nb6 51. Be4 Ke6 52. Kc5 Nc8 53. b6 Nxb6 54. Kxb6 Ke5 55. Bb7 Kd4 56. Bc8 1-0

[Event "Landesklasse Ost 2025/26"]
[Site "?"]
[Date "2026.02.01"]
[Round "6.4"]
[White "Fuchs, Antje"]
[Black "Homberger, Jan"]
[Result "0-1"]
[WhiteElo "1907"]
[BlackElo "1887"]
[WhiteFideId "-1"]
[BlackFideId "-1"]
[PlyCount "74"]
[GameId "557826587103"]
[EventDate "2025.09.14"]
[EventType "team-tourn"]
[EventRounds "9"]
[SourceTitle "Thueringer Schachbund"]
[Source "ThSB"]
[SourceDate "2025.09.14"]
[SourceVersion "1"]
[SourceVersionDate "2025.09.14"]
[SourceQuality "1"]
[WhiteTeam "SC Rochade Zeulenroda"]
[BlackTeam "SSV Vimaria 91 Weimar 2"]

1. e4 e5 2. Nf3 Nc6 3. Bb5 a6 4. Ba4 Nf6 5. O-O d6 6. d3 b5 7. Bb3 Na5 8. c3 Nxb3 9. Qxb3 Be6 10. Qc2 c5 11. Bg5 h6 12. Bxf6 Qxf6 13. a4 Rb8 14. d4 g5 15. Nbd2 h5 16. axb5 axb5 17. Ra6 g4 18. Nxe5 dxe5 19. d5 Bh6 20. dxe6 fxe6 21. Qb3 Kf7 22. Rd1 Rhf8 23. Nf1 Kg7 24. Ra7+ Kg8 25. Qc2 h4 26. Qe2 Qf4 27. Rdd7 Rf6 28. g3 Qg5 29. Ne3 Rf3 30. h3 hxg3 31. Nxg4 gxf2+ 32. Kf1 Rbf8 33. Nxh6+ Qxh6 34. Rg7+ Qxg7 35. Rxg7+ Kxg7 36. Qxb5 Rxh3 37. Qd7+ Rf7 0-1

[Event "Landesklasse Ost 2025/26"]
[Site "?"]
[Date "2026.02.01"]
[Round "6.5"]
[White "Han, Erdem"]
[Black "Skibbe, Diana"]
[Result "1-0"]
[WhiteElo "1833"]
[BlackElo "1885"]
[WhiteFideId "-1"]
[BlackFideId "-1"]
[PlyCount "47"]
[GameId "557916607521"]
[EventDate "2025.09.14"]
[EventType "team-tourn"]
[EventRounds "9"]
[SourceTitle "Thueringer Schachbund"]
[Source "ThSB"]
[SourceDate "2025.09.14"]
[SourceVersion "1"]
[SourceVersionDate "2025.09.14"]
[SourceQuality "1"]
[WhiteTeam "SSV Vimaria 91 Weimar 2"]
[BlackTeam "SC Rochade Zeulenroda"]

1. d4 f5 2. Bg5 h6 3. Bh4 g6 4. e3 Bg7 5. Nf3 d6 6. c4 c6 7. Nc3 Nf6 8. Be2 Nbd7 9. d5 Nf8 10. O-O e5 11. dxe6 Bxe6 12. Nd4 Bf7 13. Qb3 Qd7 14. Rfd1 g5 15. Bg3 Ng6 16. Bxd6 O-O-O 17. Bf3 Qxd6 18. Nxc6 bxc6 19. Rxd6 Rxd6 20. Qa3 Rhd8 21. Qxa7 R8d7 22. Qa8+ Kc7 23. c5 Re6 24. Bxc6 1-0

[Event "Landesklasse Ost 2025/26"]
[Site "?"]
[Date "2026.02.01"]
[Round "6.6"]
[White "Läßiger, Helko"]
[Black "Bock, Marlon"]
[Result "1-0"]
[WhiteElo "1691"]
[BlackElo "1753"]
[WhiteFideId "-1"]
[BlackFideId "-1"]
[PlyCount "47"]
[GameId "557920203347"]
[EventDate "2025.09.14"]
[EventType "team-tourn"]
[EventRounds "9"]
[SourceTitle "Thueringer Schachbund"]
[Source "ThSB"]
[SourceDate "2025.09.14"]
[SourceVersion "1"]
[SourceVersionDate "2025.09.14"]
[SourceQuality "1"]
[WhiteTeam "SC Rochade Zeulenroda"]
[BlackTeam "SSV Vimaria 91 Weimar 2"]

1. e4 c5 2. Nf3 Nc6 3. d4 cxd4 4. Nxd4 Nf6 5. f3 e5 6. Nb3 d5 7. Bb5 dxe4 8. Bxc6+ bxc6 9. Qe2 Qd5 10. Bg5 exf3 11. gxf3 Be6 12. N1d2 Be7 13. O-O-O Rd8 14. Bxf6 gxf6 15. Qf2 a5 16. Ne4 Qb5 17. Rxd8+ Kxd8 18. Rd1+ Bd5 19. Qa7 Re8 20. Nxa5 f5 21. Nb7+ Kd7 22. Nbd6+ Ke6 23. Nxb5 cxb5 24. Qb6+ 1-0

[Event "Landesklasse Ost 2025/26"]
[Site "?"]
[Date "2026.02.01"]
[Round "6.7"]
[White "Berbig, Georg"]
[Black "Barth, Christian"]
[Result "1-0"]
[WhiteElo "1750"]
[BlackElo "1707"]
[WhiteFideId "-1"]
[BlackFideId "-1"]
[PlyCount "41"]
[GameId "557921444072"]
[EventDate "2025.09.14"]
[EventType "team-tourn"]
[EventRounds "9"]
[SourceTitle "Thueringer Schachbund"]
[Source "ThSB"]
[SourceDate "2025.09.14"]
[SourceVersion "1"]
[SourceVersionDate "2025.09.14"]
[SourceQuality "1"]
[WhiteTeam "SSV Vimaria 91 Weimar 2"]
[BlackTeam "SC Rochade Zeulenroda"]

1. e4 e5 2. Nf3 d6 3. d4 exd4 4. Nxd4 d5 5. exd5 Qxd5 6. Be2 Qxg2 7. Bf3 Qg6 8. Qe2+ Be7 9. Nc3 c6 10. Bf4 Bh3 11. O-O-O Nd7 12. Ne4 c5 13. Nb5 Kf8 14. Nbd6 Qe6 15. Rhg1 Qxa2 16. Bg4 Bxg4 17. Qxg4 g6 18. Qxd7 Rd8 19. Qxb7 f5 20. Nxc5 Qc4 21. Nxc4 1-0

[Event "Landesklasse Ost 2025/26"]
[Site "?"]
[Date "2026.02.01"]
[Round "6.8"]
[White "Wiedemann, Volker"]
[Black "Vogel, Steffen"]
[Result "1/2-1/2"]
[WhiteElo "1764"]
[BlackElo "1741"]
[WhiteFideId "-1"]
[BlackFideId "-1"]
[PlyCount "83"]
[GameId "557955085650"]
[EventDate "2025.09.14"]
[EventType "team-tourn"]
[EventRounds "9"]
[SourceTitle "Thueringer Schachbund"]
[Source "ThSB"]
[SourceDate "2025.09.14"]
[SourceVersion "1"]
[SourceVersionDate "2025.09.14"]
[SourceQuality "1"]
[WhiteTeam "SC Rochade Zeulenroda"]
[BlackTeam "SSV Vimaria 91 Weimar 2"]

1. Nf3 d5 2. b3 e6 3. Bb2 Nf6 4. e3 Nbd7 5. c4 c6 6. a3 g6 7. d4 Bg7 8. Nbd2 b6 9. Rc1 Bb7 10. Be2 O-O 11. O-O c5 12. dxc5 Nxc5 13. b4 Ncd7 14. Qb3 Qe7 15. Rfd1 Rfc8 16. cxd5 Bxd5 17. Qd3 Qf8 18. e4 Bb7 19. e5 Nd5 20. Ne4 Rxc1 21. Rxc1 Rc8 22. Rxc8 Qxc8 23. Nd6 Qb8 24. Nxb7 Qxb7 25. Qc4 Qb8 26. Qe4 b5 27. g3 a6 28. Kg2 Qc7 29. Bd4 h6 30. h4 h5 31. Kh2 Qb8 32. Kg2 Ne7 33. Kh2 Nf5 34. Bb2 Nh6 35. Qc6 Ng4+ 36. Kg2 Ndxe5 37. Nxe5 Bxe5 38. Bxe5 Qxe5 39. Bxg4 hxg4 40. Qxa6 Qe4+ 41. Kg1 Qe1+ 42. Kg2 1/2-1/2